书目信息 |
| 题名: |
数列与极限
|
|
| 作者: | 周伯堳 著 | |
| 分册: | ||
| 出版信息: | 南京 江苏人民出版社 1978 |
|
| 页数: | 150页 | |
| 开本: | 19cm | |
| 丛书名: | 数学基础知识丛书 | |
| 单 册: | ||
| 中图分类: | O171 | |
| 科图分类: | ||
| 主题词: | 数列--基本知识 , 极限(数学)--基本知识 | |
| 电子资源: | ||
| ISBN: | ||
| 000 | 00657nam0 2200253 45 | |
| 001 | 0178000921 | |
| 005 | 20060816154824.81 | |
| 010 | @dCNY0.35 | |
| 091 | @aCN@b13100.018 | |
| 100 | @a19950911d1978 em y0chiy0121 ea | |
| 101 | 0 | @achi |
| 102 | @aCN@b320000 | |
| 105 | @ay z 000yy | |
| 200 | 10 | @a数列与极限@Ashu lie yu ji xian@f周伯堳著 |
| 210 | @a南京@c江苏人民出版社@d1978 | |
| 215 | @a150页@d19cm | |
| 225 | 2 | @a数学基础知识丛书 |
| 410 | 0 | @120010数学基础知识丛书 |
| 606 | @a数列@x基本知识 | |
| 606 | @a极限(数学)@x基本知识 | |
| 690 | @aO171@v3 | |
| 701 | 0 | @a周伯堳@Azhou bo xun@4著 |
| 801 | 0 | @aCN@bTSSF@c20060816 |
| 905 | @a10447@dO171@e126 | |
| 数列与极限/周伯堳著.-南京:江苏人民出版社,1978 |
| 150页;19cm.-(数学基础知识丛书) |
| ISBN :CNY0.35 |
| ● |
| 相关链接 |
|
|
|
|
正题名:数列与极限
索取号:O171/126
 
预约/预借
| 序号 | 登录号 | 条形码 | 馆藏地/架位号 | 状态 | 备注 |
| 1 | 0461653 | 204616530 | 密集书库/ [索取号:O171/126] | 在馆 | |
| 2 | 0461654 | 204616549 | 密集书库/ [索取号:O171/126] | 在馆 |